La lucha contra las enfermedades

Guardado en:
Detalles Bibliográficos
Autor principal: Winslow, Charles Edward Amory (Autor)
Formato: Libro
Lenguaje:español
Publicado: Buenos Aires Antonio Zamora 1949
Edición:1a. ed
Colección:Colección El Mundo y El hombre, 4
Materias:
Etiquetas: Agregar Etiqueta
Sin Etiquetas, Sea el primero en etiquetar este registro!

MARC

LEADER 00000nam a2200000 a 4500
001 UCH2436
003 CL-VaPUC
008 090611e19490300AG |||||||||||||||||spa|d
082 0 4 |a 614.49  |b WIN  |2 21 
100 0 |a Winslow, Charles Edward Amory  |e author  |9 537251 
245 1 3 |a La lucha contra las enfermedades 
250 |a 1a. ed 
300 |a 412 p 
942 |c BK 
945 |d 20090611 00:00:00  |a dcastane 
260 |a Buenos Aires  |b Antonio Zamora  |c 1949 
600 0 7 |a PASTEUR, LUIS  |2 CL-VaPUC  |9 537252 
650 7 |a HISTORIA-EPIDEMIAS  |2 CL-VaPUC  |9 537253 
650 0 |a Enfermedades contagiosas  |9 392544 
650 7 |a FIEBRE AMARILLA  |2 CL-VaPUC  |9 374496 
583 |a last modification  |c 20090611 00:00:00  |k Rodrigo Vera 
490 0 |a Colección El Mundo y El hombre, 4 
999 |c 334176  |d 334174 
952 |0 0  |1 0  |4 0  |6 614_490000000000000_WIN_1949  |7 0  |8 X  |9 423010  |a FDOBUD  |b FDOBUD  |d 2019-11-22  |i 4555600  |o 614.49 WIN 1949  |p 4555600  |r 2019-11-22  |w 2019-11-22  |y BK_X  |k BUD